Thành công tột đỉnh : Chiến lược và phương cách giải phóng những khả năng tiềm ẩn để thành công

Sách đúc kết 25 năm kinh nghiệm nghiên cứu và thực hành của Brian Tracy, chuyên gia hàng đầu trong lĩnh vực quản lý và phát triển cá nhân. Ông đưa ra hệ thống các nguyên tắc mà mỗi người có thể áp dụng hay làm nguồn cảm hứng để đạt kết qu...

Full beskrivning

Sparad:
Bibliografiska uppgifter
Huvudupphovsman: Tracy, Brian
Materialtyp: Bok
Språk:Undetermined
Publicerad: Hà Nội Lao động - Xã hội 2008
Ämnen:
Taggar: Lägg till en tagg
Inga taggar, Lägg till första taggen!
Thư viện lưu trữ: Trung tâm Học liệu Trường Đại học Cần Thơ
LEADER 01243nam a2200217Ia 4500
001 CTU_140244
008 210402s9999 xx 000 0 und d
020 |c 69000 
082 |a 658.47 
082 |b T761 
100 |a Tracy, Brian 
245 0 |a Thành công tột đỉnh : 
245 0 |b Chiến lược và phương cách giải phóng những khả năng tiềm ẩn để thành công 
245 0 |c Brian Tracy ; Thu Hà, Hồng Việt dịch 
260 |a Hà Nội 
260 |b Lao động - Xã hội 
260 |c 2008 
520 |a Sách đúc kết 25 năm kinh nghiệm nghiên cứu và thực hành của Brian Tracy, chuyên gia hàng đầu trong lĩnh vực quản lý và phát triển cá nhân. Ông đưa ra hệ thống các nguyên tắc mà mỗi người có thể áp dụng hay làm nguồn cảm hứng để đạt kết quả tốt nhất trong mọi lĩnh vực cuộc sống. 
650 |a Achievement motivation,Success in business,Động cơ thúc đẩy thành tích,Thành công trong kinh doanh 
904 |i Trọng Hải 
980 |a Trung tâm Học liệu Trường Đại học Cần Thơ